[Event "CZE-chT2E 2122"]
[Site "Czech Republic"]
[Date "2022.01.16"]
[Round "6.4"]
[White "Pfeffer, Erik"]
[Black "Kuchar, Matej"]
[Result "0-1"]
[WhiteElo "1994"]
[BlackElo "1982"]
[PlyCount "75"]
[EventDate "2021.10.17"]
[EventType "team-tourn"]
[EventRounds "11"]
[EventCountry "CZE"]
[SourceTitle "EXT 2024"]
[Source "ChessBase"]
[SourceDate "2023.10.10"]
[SourceVersion "1"]
[SourceVersionDate "2023.10.10"]
[SourceQuality "1"]
[WhiteTeam "Borsice"]
[BlackTeam "Jundrov Jezdci"]
[WhiteTeamCountry "CZE"]
[BlackTeamCountry "CZE"]

1. c4 c5 2. Nc3 g6 3. g3 Bg7 4. Bg2 Nc6 5. a3 e6 6. Rb1 a5 7. Qa4 Rb8 8. d3 Nge7 9. Bf4 d6 10. Nb5 e5 11. Bd2 0-0 12. Nf3 h6 13. 0-0 Be6 14. b4 axb4 15. axb4 e4 16. Ne1 exd3 17. exd3 Nxb4 18. Bxb4 cxb4 19. Qxb4 d5 20. Nf3 dxc4 21. dxc4 Nc6 22. Qc5 Qa5 23. Rfd1 Bf5 24. Rb3 Qa4 25. Rbd3 Bxd3 26. Rxd3 Qa1+ 27. Bf1 Rbd8 28. Nd6 Rd7 29. Qb5 Rfd8 30. c5 Ne5 31. Nxe5 Bxe5 32. Nxf7 Rxd3 33. Nxe5 Rd1 34. Qc4+ R8d5 35. Nxg6 Rxf1+ 36. Kg2 Rg1+ 37. Kh3 Qf1+ 38. Qxf1 0-1

[Event "CZE-chT2E 2122"]
[Site "Czech Republic"]
[Date "2021.12.19"]
[Round "5.4"]
[White "Bazant, Petr Sr"]
[Black "Pfeffer, Erik"]
[Result "1-0"]
[WhiteElo "2211"]
[BlackElo "1994"]
[PlyCount "99"]
[EventDate "2021.10.17"]
[EventType "team-tourn"]
[EventRounds "11"]
[EventCountry "CZE"]
[SourceTitle "EXT 2024"]
[Source "ChessBase"]
[SourceDate "2023.10.10"]
[SourceVersion "1"]
[SourceVersionDate "2023.10.10"]
[SourceQuality "1"]
[WhiteTeam "Stare Mesto II"]
[BlackTeam "Borsice"]
[WhiteTeamCountry "CZE"]
[BlackTeamCountry "CZE"]

1. d4 Nf6 2. c4 e6 3. Nf3 Bb4+ 4. Bd2 Bxd2+ 5. Nbxd2 d5 6. e3 0-0 7. Be2 Nbd7 8. 0-0 Re8 9. Qc2 c6 10. e4 dxe4 11. Nxe4 Nxe4 12. Qxe4 Nf6 13. Qc2 Qc7 14. b4 Qf4 15. Bd3 h5 16. Qe2 e5 17. g3 Qg4 18. dxe5 Nd7 19. Rfe1 c5 20. b5 Nf8 21. Qe4 Ne6 22. a4 Rb8 23. Re3 b6 24. h3 Qxh3 25. Qh7+ Kf8 26. Bf5 Ng5 27. Qh8+ Ke7 28. Qxe8+ Kxe8 29. Bxh3 Nxf3+ 30. Rxf3 Bxh3 31. Rd3 Rd8 32. Rxd8+ Kxd8 33. a5 Be6 34. axb6 axb6 35. Ra4 Kc7 36. Kf1 Kb7 37. Ke2 Bf5 38. Ke3 g6 39. Kf4 Kb8 40. Kg5 Kb7 41. Kf6 Be6 42. Ke7 Kb8 43. f4 Kb7 44. Kd6 Bg4 45. Ra1 Be6 46. Rc1 Bg4 47. Re1 Be6 48. Re4 Bf5 49. e6 fxe6 50. Rxe6 1-0

[Event "CZE-chT2E 2122"]
[Site "Czech Republic"]
[Date "2021.11.21"]
[Round "3.3"]
[White "Pfeffer, Erik"]
[Black "Kuchynka, Lukas"]
[Result "1/2-1/2"]
[WhiteElo "1994"]
[BlackElo "2305"]
[PlyCount "69"]
[EventDate "2021.10.17"]
[EventType "team-tourn"]
[EventRounds "11"]
[EventCountry "CZE"]
[SourceTitle "EXT 2024"]
[Source "ChessBase"]
[SourceDate "2023.10.10"]
[SourceVersion "1"]
[SourceVersionDate "2023.10.10"]
[SourceQuality "1"]
[WhiteTeam "Borsice"]
[BlackTeam "Orechov Orel"]
[WhiteTeamCountry "CZE"]
[BlackTeamCountry "CZE"]

1. c4 Nf6 2. Nc3 g6 3. g3 Bg7 4. Bg2 0-0 5. Nf3 d6 6. 0-0 Nc6 7. d3 e5 8. Rb1 a5 9. a3 Nd4 10. b4 axb4 11. axb4 c6 12. b5 Bg4 13. Nxd4 exd4 14. Ne4 Nxe4 15. Bxe4 d5 16. cxd5 cxd5 17. Bg2 Re8 18. Re1 Qd7 19. Qc2 h5 20. h4 Re6 21. Bf4 Rae8 22. Bf1 Rc8 23. Qa2 Rc5 24. b6 Kh7 25. Bc7 Qc6 26. Qa8 Re8 27. Qa7 Bh6 28. Qa2 Rc2 29. Rb2 Rc3 30. Bg2 Be6 31. Rb4 Rc2 32. Rb2 Rc3 33. Rb4 Rc2 34. Rb2 Rc3 35. Rb4 1/2-1/2

[Event "CZE-chT2E 1920"]
[Site "Czech Republic"]
[Date "2020.02.09"]
[Round "8.4"]
[White "Kratochvil, Karel"]
[Black "Pfeffer, Erik"]
[Result "1-0"]
[WhiteElo "2128"]
[BlackElo "1987"]
[PlyCount "59"]
[EventDate "2019.10.13"]
[EventType "team-tourn"]
[EventRounds "11"]
[EventCountry "CZE"]
[SourceTitle "EXT 2024"]
[Source "ChessBase"]
[SourceDate "2023.10.10"]
[SourceVersion "1"]
[SourceVersionDate "2023.10.10"]
[SourceQuality "1"]
[WhiteTeam "Brno Lokomotiva"]
[BlackTeam "Borsice"]
[WhiteTeamCountry "CZE"]
[BlackTeamCountry "CZE"]

1. d4 Nf6 2. c4 e6 3. Nc3 Bb4 4. Qc2 d5 5. Nf3 Ne4 6. a3 Bxc3+ 7. bxc3 c5 8. e3 0-0 9. Bd3 f5 10. 0-0 Nc6 11. Bb2 Na5 12. Ne5 b6 13. cxd5 exd5 14. dxc5 Nxc5 15. Rfd1 Qc7 16. c4 dxc4 17. Bxc4+ Nxc4 18. Qxc4+ Be6 19. Qf4 Rad8 20. h4 Nb3 21. Rac1 Rxd1+ 22. Rxd1 Qc2 23. Rd6 Qxb2 24. Rxe6 Qxa3 25. Qg5 h6 26. Qg6 Qb4 27. Re8 Nd2 28. Qf7+ Kh7 29. Qxf8 Qb1+ 30. Kh2 1-0

[Event "CZE-chT2E 1920"]
[Site "Czech Republic"]
[Date "2020.01.12"]
[Round "6.5"]
[White "Pfeffer, Erik"]
[Black "Sekanina, Jiri"]
[Result "0-1"]
[WhiteElo "1987"]
[BlackElo "2064"]
[PlyCount "66"]
[EventDate "2019.10.13"]
[EventType "team-tourn"]
[EventRounds "11"]
[EventCountry "CZE"]
[SourceTitle "EXT 2024"]
[Source "ChessBase"]
[SourceDate "2023.10.10"]
[SourceVersion "1"]
[SourceVersionDate "2023.10.10"]
[SourceQuality "1"]
[WhiteTeam "Borsice"]
[BlackTeam "Lipovec Garde"]
[WhiteTeamCountry "CZE"]
[BlackTeamCountry "CZE"]

1. c4 g6 2. g3 Bg7 3. Bg2 c5 4. Nc3 Nc6 5. Nf3 e6 6. 0-0 Nge7 7. Ne4 d6 8. Rb1 0-0 9. a3 a5 10. d3 h6 11. Ne1 Rb8 12. Bd2 b5 13. b4 axb4 14. axb4 cxb4 15. Bxb4 Nxb4 16. Rxb4 d5 17. cxd5 exd5 18. Nc5 Nc6 19. Rb1 Qd6 20. Nb3 Be6 21. Nc2 Rfc8 22. Qd2 Ra8 23. Rfe1 b4 24. d4 Bf5 25. e4 Bxe4 26. Bxe4 dxe4 27. Rxe4 Rd8 28. Qe3 Ra2 29. Rc1 Qd5 30. Ne1 Nxd4 31. Re8+ Rxe8 32. Qxe8+ Kh7 33. Rc8 Ne2+ 0-1

[Event "CZE-chT2E 1920"]
[Site "Czech Republic"]
[Date "2019.11.17"]
[Round "3.5"]
[White "Pfeffer, Erik"]
[Black "Parak, Dominik"]
[Result "0-1"]
[WhiteElo "1987"]
[BlackElo "2077"]
[PlyCount "76"]
[EventDate "2019.10.13"]
[EventType "team-tourn"]
[EventRounds "11"]
[EventCountry "CZE"]
[SourceTitle "EXT 2024"]
[Source "ChessBase"]
[SourceDate "2023.10.10"]
[SourceVersion "1"]
[SourceVersionDate "2023.10.10"]
[SourceQuality "1"]
[WhiteTeam "Borsice"]
[BlackTeam "Kurim"]
[WhiteTeamCountry "CZE"]
[BlackTeamCountry "CZE"]

1. c4 c5 2. Nc3 Nc6 3. g3 Nf6 4. Bg2 e6 5. Nf3 d5 6. cxd5 exd5 7. d4 c4 8. 0-0 Be7 9. Bg5 Be6 10. e3 0-0 11. Bxf6 Bxf6 12. b3 Qa5 13. Na4 Bf5 14. bxc4 dxc4 15. Nc5 b6 16. Qa4 Rac8 17. Qxa5 Nxa5 18. Na4 c3 19. Rfc1 c2 20. Ne1 Rc7 21. Bf1 Be7 22. Bd3 Bxd3 23. Nxd3 Ba3 24. Re1 Rfc8 25. Rac1 Bxc1 26. Nxc1 Rc4 27. Nb2 Rb4 28. Nbd3 Rb1 29. Kf1 Nc4 30. Ke2 Nb2 31. Nxb2 Rxb2 32. Kd3 Rb1 33. Kd2 a5 34. d5 Kf8 35. e4 Rb4 36. f3 Rd4+ 37. Ke2 a4 38. Nd3 Rxd3 0-1

[Event "CZE-chT2E 1920"]
[Site "Czech Republic"]
[Date "2019.10.13"]
[Round "1.5"]
[White "Pfeffer, Erik"]
[Black "Babula, Vlastimil1111"]
[Result "1/2-1/2"]
[WhiteElo "1987"]
[BlackElo "2041"]
[PlyCount "134"]
[EventDate "2019.10.13"]
[EventType "team-tourn"]
[EventRounds "11"]
[EventCountry "CZE"]
[SourceTitle "EXT 2024"]
[Source "ChessBase"]
[SourceDate "2023.10.10"]
[SourceVersion "1"]
[SourceVersionDate "2023.10.10"]
[SourceQuality "1"]
[WhiteTeam "Borsice"]
[BlackTeam "Stare Mesto II"]
[WhiteTeamCountry "CZE"]
[BlackTeamCountry "CZE"]

1. c4 Nf6 2. Nc3 g6 3. g3 Bg7 4. Bg2 0-0 5. Nf3 c6 6. 0-0 d5 7. cxd5 cxd5 8. d4 Nc6 9. Bf4 Ne4 10. e3 h6 11. h4 Bg4 12. a3 g5 13. hxg5 hxg5 14. Be5 Nxc3 15. bxc3 Nxe5 16. dxe5 Bxe5 17. Qb3 Bxf3 18. Bxf3 e6 19. Qxb7 Qf6 20. Kg2 Bxc3 21. Rab1 Be5 22. Qa6 Qg6 23. Rb4 Kg7 24. Rh1 Rh8 25. Rxh8 Rxh8 26. Qa4 Qf5 27. Bg4 Qh7 28. Qd1 Qh2+ 29. Kf1 Rc8 30. Bf3 Qh3+ 31. Kg1 Qf5 32. Kg2 Rc3 33. Bg4 Qg6 34. Bh5 Qf6 35. Rb7 Rc7 36. Qb3 Qe7 37. Rxc7 Qxc7 38. Qa4 Qe7 39. Qb3 Kh6 40. Be2 f5 41. a4 g4 42. a5 Kg6 43. a6 Kf6 44. Qb5 d4 45. exd4 Bxd4 46. Qb8 Kf7 47. Qb7 Qxb7+ 48. axb7 Be5 49. f3 gxf3+ 50. Kxf3 a5 51. g4 Ke7 52. gxf5 exf5 53. Ke3 Kd7 54. Kd3 Kc6 55. Bf3+ Kc5 56. Kc2 Kb4 57. Kb1 Ka3 58. Bd5 f4 59. Be4 a4 60. Bd5 Bd6 61. Be4 Kb3 62. Bd5+ Kc3 63. Ka2 Kd3 64. b8Q Bxb8 65. Ka3 Ke2 66. Kxa4 f3 67. Bxf3+ Kxf3 1/2-1/2

[Event "CZE-chT2E 1112"]
[Site "Czech Republic"]
[Date "2012.02.05"]
[Round "7.8"]
[White "Trmac, Radek"]
[Black "Pfeffer, Erik"]
[Result "1/2-1/2"]
[WhiteElo "1770"]
[BlackElo "1936"]
[PlyCount "55"]
[EventDate "2011.10.09"]
[EventType "team-tourn"]
[EventRounds "11"]
[EventCountry "CZE"]
[SourceTitle "EXT 2013"]
[Source "ChessBase"]
[SourceDate "2012.11.22"]
[SourceVersion "1"]
[SourceVersionDate "2012.11.22"]
[SourceQuality "1"]
[WhiteTeam "Adamov"]
[BlackTeam "Borsice"]
[WhiteTeamCountry "CZE"]
[BlackTeamCountry "CZE"]

1. Nf3 Nf6 2. b3 d6 3. g3 e5 4. c4 g6 5. Bb2 Bg7 6. d3 0-0 7. Bg2 Ne8 8. 0-0 f5 9. Nc3 c6 10. Nd2 Nf6 11. Rc1 Be6 12. Qc2 g5 13. e3 f4 14. d4 Ng4 15. gxf4 gxf4 16. Qd3 f3 17. Bxf3 Nxh2 18. Kxh2 Qh4+ 19. Kg1 Qg5+ 20. Bg2 Bh3 21. Qe4 exd4 22. Ne2 dxe3 23. Bxg7 Bxg2 24. Qxg2 Qxg2+ 25. Kxg2 exd2 26. Rc2 Kxg7 27. Rxd2 Rf6 28. Rfd1 1/2-1/2

[Event "CZE-chT2E 1112"]
[Site "Czech Republic"]
[Date "2012.01.22"]
[Round "6.8"]
[White "Pfeffer, Erik"]
[Black "Kratochvil, Milan"]
[Result "1/2-1/2"]
[WhiteElo "1936"]
[BlackElo "2103"]
[PlyCount "55"]
[EventDate "2011.10.09"]
[EventType "team-tourn"]
[EventRounds "11"]
[EventCountry "CZE"]
[SourceTitle "EXT 2013"]
[Source "ChessBase"]
[SourceDate "2012.11.22"]
[SourceVersion "1"]
[SourceVersionDate "2012.11.22"]
[SourceQuality "1"]
[WhiteTeam "Borsice"]
[BlackTeam "Brno Lokomotiva II"]
[WhiteTeamCountry "CZE"]
[BlackTeamCountry "CZE"]

1. e4 Nf6 2. Nc3 e5 3. Nf3 Nc6 4. h3 d5 5. exd5 Nxd5 6. Bb5 Nxc3 7. bxc3 Bd6 8. d4 e4 9. Nd2 0-0 10. Nc4 Ne7 11. Nxd6 cxd6 12. 0-0 Qa5 13. Rb1 a6 14. Be2 Qxc3 15. Bb2 Qc7 16. d5 Bf5 17. Bg4 Qd7 18. Qd4 f6 19. Rfe1 Rac8 20. c4 Bxg4 21. hxg4 Qxg4 22. Rxe4 Qf5 23. Rbe1 Ng6 24. Ba3 Ne5 25. Bxd6 Rxc4 26. Rxe5 fxe5 27. Qxc4 Qxf2+ 28. Kh2 1/2-1/2

[Event "CZE-chT2E 1112"]
[Site "Czech Republic"]
[Date "2011.12.04"]
[Round "4.7"]
[White "Plsek, Pavel"]
[Black "Pfeffer, Erik"]
[Result "1/2-1/2"]
[WhiteElo "2026"]
[BlackElo "1936"]
[PlyCount "93"]
[EventDate "2011.10.09"]
[EventType "team-tourn"]
[EventRounds "11"]
[EventCountry "CZE"]
[SourceTitle "EXT 2013"]
[Source "ChessBase"]
[SourceDate "2012.11.22"]
[SourceVersion "1"]
[SourceVersionDate "2012.11.22"]
[SourceQuality "1"]
[WhiteTeam "Hostalkova"]
[BlackTeam "Borsice"]
[WhiteTeamCountry "CZE"]
[BlackTeamCountry "CZE"]

1. Nf3 d5 2. d4 Nf6 3. g3 e6 4. Bg2 Be7 5. c3 0-0 6. 0-0 c5 7. a4 Nc6 8. dxc5 Bxc5 9. b4 Bd6 10. Qb3 e5 11. Ba3 h6 12. Nbd2 Bg4 13. Rfe1 Re8 14. e3 Rc8 15. Qb2 Bf5 16. Nb3 Be4 17. b5 Na5 18. Nxa5 Bxa3 19. Rxa3 Qxa5 20. Rd1 Rc4 21. Nd2 Rxa4 22. Rxa4 Qxa4 23. Ra1 Qc2 24. Qxc2 Bxc2 25. Rxa7 Re7 26. Ra8+ Kh7 27. Rd8 Ba4 28. Bxd5 Bxb5 29. c4 Ba6 30. e4 Rc7 31. f4 exf4 32. gxf4 b5 33. cxb5 Bxb5 34. e5 Rc1+ 35. Kf2 Nxd5 36. Rxd5 Bc6 37. Rd4 Rh1 38. Nf3 Bxf3 39. Kxf3 Rxh2 40. f5 Rh3+ 41. Kg4 Re3 42. Kf4 Re1 43. Rd7 g5+ 44. fxg6+ Kxg6 45. Rd6+ Kg7 46. Kf5 Rf1+ 47. Kg4 1/2-1/2

[Event "Stare Mesto op"]
[Site "Stare Mesto"]
[Date "2011.08.19"]
[Round "9"]
[White "Pfeffer, Erik"]
[Black "Krizek, Frantisek"]
[Result "1/2-1/2"]
[WhiteElo "1916"]
[BlackElo "2026"]
[PlyCount "35"]
[EventDate "2011.08.12"]
[EventType "swiss"]
[EventRounds "10"]
[EventCountry "CZE"]
[SourceTitle "CBM 143 Extra"]
[Source "ChessBase"]
[SourceDate "2011.08.29"]
[SourceVersion "1"]
[SourceVersionDate "2011.08.29"]
[SourceQuality "1"]

1. e4 c6 2. d4 d5 3. Nc3 dxe4 4. Nxe4 Nd7 5. Bc4 Ngf6 6. Ng3 Nb6 7. Bb3 Bg4 8. Qd3 Qd7 9. Bg5 Rd8 10. h3 Be6 11. Nf3 Bxb3 12. axb3 Qe6+ 13. Be3 Nfd5 14. 0-0 Nxe3 15. fxe3 Qc8 16. Ne4 f5 17. Nc3 a6 18. e4 1/2-1/2

[Event "Stare Mesto op"]
[Site "Stare Mesto"]
[Date "2010.08.13"]
[Round "1"]
[White "Pfeffer, Erik"]
[Black "Neuman, Petr"]
[Result "0-1"]
[WhiteElo "1880"]
[BlackElo "2469"]
[PlyCount "56"]
[EventDate "2010.08.13"]
[EventType "swiss"]
[EventRounds "10"]
[EventCountry "CZE"]
[SourceTitle "CBM 138 Extra"]
[Source "ChessBase"]
[SourceDate "2010.10.29"]
[SourceVersion "1"]
[SourceVersionDate "2010.10.29"]
[SourceQuality "1"]

1. e4 c5 2. c3 Nf6 3. e5 Nd5 4. d4 cxd4 5. Nf3 d6 6. Qxd4 e6 7. exd6 Qxd6 8. Bb5+ Bd7 9. Bxd7+ Qxd7 10. 0-0 Nc6 11. Qe4 0-0-0 12. b4 Nc7 13. Be3 Qd3 14. Qxd3 Rxd3 15. a3 Nd5 16. Bd4 Nxd4 17. cxd4 Be7 18. Ne5 Rxd4 19. Nxf7 Rf8 20. Ne5 Bf6 21. Rc1+ Kd8 22. Nf3 Rxb4 23. axb4 Bxa1 24. Ng5 Kd7 25. Rd1 Rf4 26. Na3 Bf6 27. Nxh7 Be7 28. g3 Rxb4 0-1

[Event "CZE-chT U20 final-A 0910"]
[Site "Pavla Vlachovice"]
[Date "2010.04.25"]
[Round "11.5"]
[White "Sabolova, Kristyna"]
[Black "Pfeffer, Erik"]
[Result "0-1"]
[WhiteElo "1715"]
[BlackElo "1899"]
[PlyCount "154"]
[EventDate "2010.04.23"]
[EventType "team-tourn"]
[EventRounds "11"]
[EventCountry "CZE"]
[SourceTitle "EXT 2011"]
[Source "ChessBase"]
[SourceDate "2010.11.26"]
[SourceVersion "1"]
[SourceVersionDate "2010.11.26"]
[SourceQuality "1"]
[WhiteTeam "Horice (U20)"]
[BlackTeam "Borsice (U20)"]
[WhiteTeamCountry "CZE"]
[BlackTeamCountry "CZE"]

1. d4 Nf6 2. c4 e6 3. Nf3 d5 4. e3 c5 5. Nc3 Nc6 6. Be2 Be7 7. 0-0 0-0 8. b3 cxd4 9. exd4 dxc4 10. bxc4 Bb4 11. Bb2 Bxc3 12. Bxc3 b6 13. Qc2 Bb7 14. Rfd1 Ne7 15. Rac1 Rc8 16. Ne5 Ng6 17. Nxg6 hxg6 18. f3 Qc7 19. Bd3 Rfd8 20. Bb2 Qf4 21. Qd2 Qh4 22. Qf2 Qg5 23. Rc2 Nh5 24. Bc1 Qf6 25. Be3 g5 26. Be4 Ba6 27. Rdc1 Nf4 28. Bxf4 gxf4 29. d5 exd5 30. cxd5 Rxc2 31. Qxc2 Qd4+ 32. Qf2 Qe3 33. Re1 Qxf2+ 34. Kxf2 Bc4 35. a3 Kf8 36. g3 fxg3+ 37. hxg3 g6 38. g4 b5 39. Ke3 Ke7 40. Kd4 Kd6 41. f4 Rh8 42. Rh1 Rxh1 43. Bxh1 Ba2 44. Be4 a5 45. f5 gxf5 46. gxf5 f6 47. Kc3 Bxd5 48. Bd3 Kc5 49. Be2 b4+ 50. Kb2 Kd4 51. Ba6 Ke5 52. Bc8 bxa3+ 53. Kxa3 Be4 54. Ka4 Bxf5 55. Bb7 Be4 56. Bc8 Bd5 57. Kxa5 Be6 58. Bb7 f5 59. Kb4 Bd5 60. Bc8 f4 61. Bg4 Kd4 62. Bh5 Ke3 63. Kc3 Bf3 64. Be8 Bg4 65. Bc6 Bf5 66. Bg2 Be4 67. Bf1 f3 68. Bb5 Bf5 69. Ba6 Bh3 70. Bb5 f2 71. Ba6 Kf3 72. Kd2 Kg2 73. Ke3 Kg1 74. Bb5 Bf1 75. Bd7 Bc4 76. Bh3 Bd5 77. Ke2 Bg2 0-1

[Event "Morava-ch U16"]
[Site "Havirov"]
[Date "2008.10.25"]
[Round "1"]
[White "Pfeffer, Erik"]
[Black "Maly, Marek"]
[Result "1/2-1/2"]
[WhiteElo "1769"]
[BlackElo "1398"]
[PlyCount "46"]
[EventDate "2008.10.25"]
[EventType "swiss"]
[EventRounds "9"]
[EventCountry "CZE"]
[SourceTitle "EXT 2009"]
[Source "ChessBase"]
[SourceDate "2008.11.26"]
[SourceVersion "1"]
[SourceVersionDate "2008.11.26"]
[SourceQuality "1"]

1. e4 e5 2. Nf3 Nc6 3. Bb5 a6 4. Ba4 Nf6 5. d4 exd4 6. 0-0 Be7 7. e5 Nd5 8. Bb3 Nb6 9. Re1 0-0 10. Nxd4 Na5 11. Nc3 Nxb3 12. axb3 d6 13. e6 fxe6 14. Nxe6 Bxe6 15. Rxe6 d5 16. Qg4 Bf6 17. Bd2 Qd7 18. Rae1 Rae8 19. Qh3 Rxe6 20. Rxe6 Kf7 21. Re2 Re8 22. Kf1 Rxe2 23. Kxe2 Ke7 1/2-1/2

[Event "CZE-ch U16"]
[Site "Sec u Chrudimi"]
[Date "2008.03.15"]
[Round "9"]
[White "Vala, Filip"]
[Black "Pfeffer, Erik"]
[Result "1-0"]
[WhiteElo "2001"]
[BlackElo "1866"]
[PlyCount "74"]
[EventDate "2008.03.08"]
[EventType "swiss"]
[EventRounds "9"]
[EventCountry "CZE"]
[SourceTitle "EXT 2009"]
[Source "ChessBase"]
[SourceDate "2008.11.26"]
[SourceVersion "1"]
[SourceVersionDate "2008.11.26"]
[SourceQuality "1"]

1. b3 Nf6 2. Bb2 e6 3. e3 b6 4. Nf3 Bb7 5. Be2 c5 6. 0-0 Be7 7. c4 0-0 8. d4 cxd4 9. Nxd4 Nc6 10. Bf3 Rc8 11. Nc3 a6 12. Nde2 Qc7 13. Rc1 Rfd8 14. Nd5 exd5 15. cxd5 Qb8 16. dxc6 dxc6 17. Qc2 c5 18. Bxb7 Qxb7 19. Rfd1 Qe4 20. Qc3 Bf8 21. Ng3 Qh4 22. Qc4 Qxc4 23. bxc4 Be7 24. Nf5 Kf8 25. g4 g6 26. g5 Nh5 27. Nxe7 Kxe7 28. Kg2 f5 29. f4 Ke8 30. Kf3 Rxd1 31. Rxd1 Rd8 32. Rxd8+ Kxd8 33. e4 fxe4+ 34. Kxe4 Kd7 35. a4 Kc6 36. f5 gxf5+ 37. Kxf5 Kd7 1-0

[Event "CZE-ch U16"]
[Site "Sec u Chrudimi"]
[Date "2008.03.14"]
[Round "8"]
[White "Pfeffer, Erik"]
[Black "Gabriel, Adam"]
[Result "0-1"]
[WhiteElo "1866"]
[BlackElo "1816"]
[PlyCount "42"]
[EventDate "2008.03.08"]
[EventType "swiss"]
[EventRounds "9"]
[EventCountry "CZE"]
[SourceTitle "EXT 2009"]
[Source "ChessBase"]
[SourceDate "2008.11.26"]
[SourceVersion "1"]
[SourceVersionDate "2008.11.26"]
[SourceQuality "1"]

1. c4 e5 2. Nc3 f5 3. g3 Nf6 4. Bg2 d6 5. e3 Nc6 6. Nge2 Be6 7. b3 Qe7 8. d4 Bf7 9. Bb2 e4 10. Qc2 Nb4 11. Qd2 Nd3+ 12. Kf1 Ng4 13. h3 Ngxf2 14. Rg1 c5 15. Nd1 Nxd1 16. Rxd1 Qg5 17. Ba1 Bh5 18. Bh1 0-0-0 19. h4 Qg4 20. Nf4 Qxd1+ 21. Qxd1 Bxd1 0-1

[Event "CZE-ch U16"]
[Site "Sec u Chrudimi"]
[Date "2008.03.12"]
[Round "6"]
[White "Pfeffer, Erik"]
[Black "Nguyen, Dinh Phong"]
[Result "0-1"]
[WhiteElo "1866"]
[BlackElo "1900"]
[PlyCount "40"]
[EventDate "2008.03.08"]
[EventType "swiss"]
[EventRounds "9"]
[EventCountry "CZE"]
[SourceTitle "EXT 2009"]
[Source "ChessBase"]
[SourceDate "2008.11.26"]
[SourceVersion "1"]
[SourceVersionDate "2008.11.26"]
[SourceQuality "1"]

1. e4 c5 2. Nf3 Nc6 3. Bb5 g6 4. 0-0 Bg7 5. c3 e5 6. Bxc6 dxc6 7. d3 Ne7 8. Be3 b6 9. Qc2 0-0 10. Nfd2 Be6 11. f4 f5 12. Na3 fxe4 13. Nxe4 Nd5 14. Qe2 exf4 15. Bd2 Qd7 16. Kh1 Bg4 17. Qf2 f3 18. g3 Bh3 19. Rfe1 Bg2+ 20. Kg1 Rf5 0-1

[Event "Morava-ch U16"]
[Site "Havlickuv Brod"]
[Date "2007.10.25"]
[Round "4"]
[White "Pfeffer, Erik"]
[Black "Pilch, Roman"]
[Result "0-1"]
[WhiteElo "1866"]
[BlackElo "2012"]
[PlyCount "24"]
[EventDate "2007.10.24"]
[EventType "swiss"]
[EventRounds "9"]
[EventCountry "CZE"]
[SourceTitle "EXT 2022"]
[Source "ChessBase"]
[SourceDate "2021.10.06"]
[SourceVersion "1"]
[SourceVersionDate "2021.10.06"]
[SourceQuality "1"]

1. e4 c5 2. c3 d5 3. exd5 Qxd5 4. d4 e6 5. Nf3 Nf6 6. Na3 Nc6 7. Nb5 Qd8 8. Bf4 Nd5 9. Bg3 a6 10. Na3 cxd4 11. cxd4 Qa5+ 12. Qd2 Bb4 0-1

[Event "Morava-ch U16"]
[Site "Havlickuv Brod"]
[Date "2007.10.25"]
[Round "3"]
[White "Seidl, Antonin"]
[Black "Pfeffer, Erik"]
[Result "1/2-1/2"]
[WhiteElo "1920"]
[BlackElo "1866"]
[PlyCount "42"]
[EventDate "2007.10.24"]
[EventType "swiss"]
[EventRounds "9"]
[EventCountry "CZE"]
[SourceTitle "EXT 2022"]
[Source "ChessBase"]
[SourceDate "2021.10.06"]
[SourceVersion "1"]
[SourceVersionDate "2021.10.06"]
[SourceQuality "1"]

1. e4 c5 2. Nc3 Nc6 3. f4 g6 4. Nf3 Bg7 5. Bc4 e6 6. e5 d5 7. exd6 Qxd6 8. Ne4 Qe7 9. d3 Nf6 10. 0-0 0-0 11. c3 b6 12. Qa4 Bb7 13. Be3 Rfd8 14. Rad1 Nd5 15. Rfe1 Qc7 16. g3 Nce7 17. Bf2 Nf5 18. Ba6 Bc6 19. Bb5 Bb7 20. Ba6 Bc6 21. Bb5 Bb7 1/2-1/2

[Event "Usti nad Labem op U13/15"]
[Site "Usti nad Labem"]
[Date "2007.06.27"]
[Round "7"]
[White "Pfeffer, Erik"]
[Black "Srejber, Michal"]
[Result "0-1"]
[WhiteElo "1756"]
[BlackElo "1932"]
[PlyCount "40"]
[EventDate "2007.06.21"]
[EventType "swiss"]
[EventRounds "7"]
[EventCountry "CZE"]
[SourceTitle "EXT 2008"]
[Source "ChessBase"]
[SourceDate "2007.11.25"]
[SourceVersion "1"]
[SourceVersionDate "2007.11.25"]
[SourceQuality "1"]

1. e4 c5 2. c3 Nf6 3. e5 Nd5 4. d4 cxd4 5. cxd4 e6 6. Nf3 d6 7. exd6 Bxd6 8. Nc3 0-0 9. Bd3 Nf4 10. Bxf4 Bxf4 11. Ne2 Bd6 12. Ng3 Bb4+ 13. Kf1 Nc6 14. a3 Ba5 15. Ne2 Qf6 16. Bc2 Bb6 17. Qd3 g6 18. h4 e5 19. dxe5 Nxe5 20. Nxe5 Qxf2# 0-1

[Event "Usti nad Labem op U13/15"]
[Site "Usti nad Labem"]
[Date "2007.06.24"]
[Round "4"]
[White "Pfeffer, Erik"]
[Black "Kosek, Marek"]
[Result "1-0"]
[WhiteElo "1756"]
[BlackElo "1791"]
[PlyCount "181"]
[EventDate "2007.06.21"]
[EventType "swiss"]
[EventRounds "7"]
[EventCountry "CZE"]
[SourceTitle "EXT 2008"]
[Source "ChessBase"]
[SourceDate "2007.11.25"]
[SourceVersion "1"]
[SourceVersionDate "2007.11.25"]
[SourceQuality "1"]

1. e4 c5 2. c3 d5 3. exd5 Qxd5 4. d4 Nf6 5. Nf3 Bg4 6. Be2 e6 7. Na3 Nc6 8. Nc2 cxd4 9. Ncxd4 Nxd4 10. Qxd4 Qxd4 11. Nxd4 Bxe2 12. Kxe2 Be7 13. Bg5 h6 14. Bh4 0-0 15. Rad1 Nd5 16. Bxe7 Nxe7 17. Kf3 a6 18. Ne2 Rfd8 19. Nc1 b5 20. Nb3 Kf8 21. Nc5 Nd5 22. Rd2 Ke7 23. Rhd1 g5 24. g3 Rdc8 25. Nb3 Rc7 26. Re1 Nb6 27. Nd4 Kf6 28. Kg4 Rc4 29. Kf3 Rd8 30. Rde2 Re8 31. Kg2 Nd5 32. Re5 Rd8 33. Kg1 b4 34. Nxe6 Re8 35. Rxd5 Rxe6 36. Rxe6+ fxe6 37. Ra5 bxc3 38. bxc3 Rxc3 39. Rxa6 Rd3 40. a4 Ra3 41. a5 Ra2 42. Ra8 Kg7 43. a6 Ra3 44. a7 e5 45. Re8 Rxa7 46. Rxe5 Kf6 47. Rc5 Ra6 48. Kg2 Ra4 49. Rc6+ Kg7 50. Rb6 Rc4 51. Re6 Rb4 52. Re2 Ra4 53. f3 Kf6 54. g4 Rb4 55. Kg3 Ra4 56. h4 Rb4 57. Rc2 Ra4 58. Rc6+ Kg7 59. h5 Rb4 60. Rc5 Ra4 61. Rf5 Rb4 62. Kf2 Ra4 63. Ke3 Rb4 64. Rd5 Kf6 65. Rd6+ Kg7 66. Rd4 Rb5 67. Ke4 Kf6 68. f4 Ra5 69. f5 Re5+ 70. Kd3 Ra5 71. Rd6+ Kg7 72. Ke4 Rb5 73. Rg6+ Kf7 74. Rxh6 Rb4+ 75. Ke5 Rb5+ 76. Kd4 Rb4+ 77. Kd5 Rxg4 78. Rg6 Rg1 79. h6 g4 80. Ke5 g3 81. Rg7+ Kf8 82. Kf6 Rf1 83. Rxg3 Rh1 84. Kg6 Kg8 85. f6 Kh8 86. Re3 Rg1+ 87. Kf7 Rh1 88. Ke7 Ra1 89. f7 Ra7+ 90. Kf6 Kh7 91. f8Q 1-0